Model-based enterprise : (Record no. 43961)

MARC details
001 - CONTROL NUMBER
control field 23835652
003 - CONTROL NUMBER IDENTIFIER
control field 0000
005 - DATE AND TIME OF LATEST TRANSACTION
control field 20251031103508.0
008 - FIXED-LENGTH DATA ELEMENTS--GENERAL INFORMATION
fixed length control field 240823s2025 flu b 001 0 eng
010 ## - LIBRARY OF CONGRESS CONTROL NUMBER
LC control number 2024032698
020 ## - INTERNATIONAL STANDARD BOOK NUMBER
International Standard Book Number 9781032067728
035 ## - SYSTEM CONTROL NUMBER
System control number 23835652
040 ## - CATALOGING SOURCE
Original cataloging agency DLC
Language of cataloging eng
Description conventions rda
Transcribing agency DLC
042 ## - AUTHENTICATION CODE
Authentication code pcc
050 00 - LIBRARY OF CONGRESS CALL NUMBER
Classification number QA 76.9 .C65 .F56
082 00 - DEWEY DECIMAL CLASSIFICATION NUMBER
Classification number 003.3
Edition number 23/eng/20240823
100 1# - MAIN ENTRY--PERSONAL NAME
Personal name Fischer, Bryan R.,
Dates associated with a name 1960-
Relator term author.
245 10 - TITLE STATEMENT
Title Model-based enterprise :
Remainder of title achieving lasting value with MBD and MBE /
Statement of responsibility, etc Bryan R. Fischer.
264 #1 - PUBLICATION, DISTRIBUTION, ETC. (IMPRINT)
Place of publication, distribution, etc Boca Raton :
Name of publisher, distributor, etc CRC Press,
Date of publication, distribution, etc 2025.
300 ## - PHYSICAL DESCRIPTION
Extent xxiv, 373p. ill.
336 ## - CONTENT TYPE
Content type term text
Content type code txt
Source rdacontent
337 ## - MEDIA TYPE
Media type term unmediated
Media type code n
Source rdamedia
338 ## - CARRIER TYPE
Carrier type term volume
Carrier type code nc
Source rdacarrier
504 ## - BIBLIOGRAPHY, ETC. NOTE
Bibliography, etc Includes bibliographical references and index.
520 ## - SUMMARY, ETC.
Summary, etc "Model-Based Enterprise describes Model-Based Enterprise (MBE) and Model Based Definition (MBD) in detail, focusing on how to obtain significant business value from MBE. This book presents MBE from technical and business perspectives, focusing on process improvement, productivity, quality, and obtaining greater value from our information and how we work. The evolution of MBD and MBE, from Computer Aided Design (CAD) topics to current approaches and to their future role, is discussed. Following the progression from manual drawings to 2D CAD, 3D CAD, and to digital data and digital information models, MBE is presented as the method to achieve productivity and profitability by understanding the cost of how we work and refining our approaches to creating and using information. Many MBD and MBE implementations have changed how we work, but yield little real business value, processes changed, engineering drawings are replaced with 3D models, but the organization achieved minor benefits from their efforts. This book provides methods to become an MBE and achieve the full value possible from digital transformation. Model Based Enterprise is essential reading for anyone who creates or uses product-related information in OEMs and suppliers, in private sector and in government procurement and development activities. This book is also essential for students in all engineering disciplines, manufacturing, quality, information management, PLM, and related business disciplines"--
Assigning source Provided by publisher.
650 #0 - SUBJECT ADDED ENTRY--TOPICAL TERM
Topical term or geographic name as entry element Application software.
650 #0 - SUBJECT ADDED ENTRY--TOPICAL TERM
Topical term or geographic name as entry element Business
General subdivision Data processing.
650 #0 - SUBJECT ADDED ENTRY--TOPICAL TERM
Topical term or geographic name as entry element Computer simulation.
650 #0 - SUBJECT ADDED ENTRY--TOPICAL TERM
Topical term or geographic name as entry element Database management.
776 08 - ADDITIONAL PHYSICAL FORM ENTRY
Relationship information Online version:
Main entry heading Fischer, Bryan R., 1960-
Title Model-based enterprise
Edition First edition.
Place, publisher, and date of publication Boca Raton : CRC Press, 2025
International Standard Book Number 9781003203797
Record control number (DLC) 2024032699
906 ## - LOCAL DATA ELEMENT F, LDF (RLIN)
a 7
b cbc
c orignew
d 1
e ecip
f 20
g y-gencatlg
942 ## - ADDED ENTRY ELEMENTS (KOHA)
Source of classification or shelving scheme Library of Congress Classification
Koha item type Books
Holdings
Withdrawn status Lost status Source of classification or shelving scheme Damaged status Not for loan Permanent Location Current Location Date acquired Total Checkouts Full call number Barcode Date last seen Price effective from Koha item type
    Library of Congress Classification     NILE UNIVERSITY OF NIGERIA - MAIN LIBRARY NILE UNIVERSITY OF NIGERIA - MAIN LIBRARY 10/31/2025   QA 76.9 .C65 .F56 2025 0199410 10/31/2025 10/31/2025 Books
    Library of Congress Classification     NILE UNIVERSITY OF NIGERIA - MAIN LIBRARY NILE UNIVERSITY OF NIGERIA - MAIN LIBRARY 10/31/2025   QA 76.9 .C65 .F56 2025 0199409 10/31/2025 10/31/2025 Books